[Event "Mistrzostwa Polski Juniorow do lat 18 - Dziewczeta"]
[Site "Ustron – Jaszowiec"]
[Date "1899-12-30"]
[Round "8.3"]
[White "Kubicka, Anna"]
[Black "Dmochowska, Agnieszka"]
[Result "1-0"]
[WhiteTitle "m"]
[BlackTitle "WCM"]
[WhiteElo "2211"]
[BlackElo "2133"]

1. d4 Nf6 2. c4 e6 3. Nc3 Bb4 4. Qc2 d5 5. cxd5 exd5 6. Bg5 h6 7. Bh4 g5 8. Bg3
Nc6 9. e3 Qe7 10. Nf3 Ne4 11. Be2 h5 12. Ne5 Bf5 13. Nxc6 bxc6 14. Qa4 O-O 15.
Kf1 Bxc3 16. bxc3 Nxc3 17. Qxc6 Nxe2 18. Kxe2 Qe4 19. Rhd1 Rab8 20. Qf6 Rb2+ 21.
Kf1 Rfb8 22. Qxg5+ Bg6 23. Be5 Kf8 24. Bxc7 Qc2 25. Bd6+ Kg8 26. Bg3 Kh7 27. Rac1
Qe2+ 28. Kg1 Rd2 29. Re1 Rc8 30. h4 Rxc1 31. Rxc1 Rxa2 32. Rc8 Qe1+ 33. Kh2 Ra1
34. Be5 1-0

[Event "Mistrzostwa Polski Juniorow do lat 18 - Dziewczeta"]
[Site "Ustron – Jaszowiec"]
[Date "1899-12-30"]
[Round "8.4"]
[White "Parol, Pola"]
[Black "Karykowska, Anna"]
[Result "1-0"]
[WhiteTitle "k+"]
[BlackTitle "I++"]
[WhiteElo "1960"]
[BlackElo "1830"]

1. e4 c5 2. Nf3 Nc6 3. d4 cxd4 4. Nxd4 e5 5. Nb5 d6 6. N1c3 a6 7. Na3 b5 8. Nd5
Nf6 9. Bg5 Be7 10. Bxf6 Bxf6 11. c3 Rb8 12. h4 O-O 13. Nc2 h6 14. g3 a5 15. Nce3
Be7 16. Bd3 Be6 17. Qh5 Re8 18. g4 Bf8 19. g5 g6 20. Qe2 hxg5 21. Bxb5 Bd7 22.
a4 gxh4 23. Ng4 Bg7 24. O-O-O Qg5+ 25. Nge3 Rbc8 26. Kb1 Qd8 27. Nc4 Re6 28. Ndb6
Rc7 29. Nxd7 Qxd7 30. Nxa5 Qc8 31. Nxc6 Rxc6 32. Bxc6 Qxc6 33. Rxh4 Qxa4 34. Qc2
Qa7 35. c4 Re8 36. Rh3 Qc5 37. Rd5 Qc6 38. c5 dxc5 39. Rxc5 Qa6 40. Qc4 Qd6 41.
Rd3 Qf6 42. Rc8 Rxc8 43. Qxc8+ Bf8 44. Rd8 Qe7 45. Qb8 Qc5 46. b4 Qe7 47. Re8
1-0

[Event "Mistrzostwa Polski Juniorow do lat 18 - Dziewczeta"]
[Site "Ustron – Jaszowiec"]
[Date "1899-12-30"]
[Round "8.5"]
[White "Marczuk, Anna"]
[Black "Kozubal, Aleksandra"]
[Result "1-0"]
[WhiteTitle "k"]
[BlackTitle "I++"]
[WhiteElo "2001"]
[BlackElo "1747"]

1. Nf3 c5 2. c4 e6 3. d4 cxd4 4. Nxd4 Qc7 5. e3 a6 6. Nc3 Nf6 7. Be2 Nc6 8. O-O
Be7 9. b3 O-O 10. Bb2 Rd8 11. Rc1 d6 12. a3 Ne5 13. f4 Ng6 14. Kh1 e5 15. Nc2
Qb6 16. b4 Bf5 17. Bd3 Bg4 18. Qe1 Qc6 19. f5 Nf8 20. e4 Nh5 21. Nd5 Bg5 22. Nce3
Nf4 23. Nxf4 Bxf4 24. Rxf4 exf4 25. Nxg4 Nd7 26. f6 Ne5 27. Qe2 Qe8 28. fxg7 Qe6
29. Nxe5 dxe5 30. c5 Rd7 31. Bc4 Qf6 32. Bd5 Rad8 33. Qh5 Re7 34. Qg4 Qh6 35.
Rf1 Rde8 36. Bc3 Rd8 37. Be1 Qxg7 38. Qxg7+ Kxg7 39. Bh4 f6 40. g3 Rf8 41. gxf4
exf4 42. Rxf4 Rd7 43. Rf5 Kg6 44. Kg2 Kg7 45. Kf3 Kg6 46. Ke3 Kg7 47. Kd4 Rc7
48. a4 1-0

[Event "Mistrzostwa Polski Juniorow do lat 18 - Dziewczeta"]
[Site "Ustron – Jaszowiec"]
[Date "1899-12-30"]
[Round "8.6"]
[White "Cieslak, Wiktoria"]
[Black "Trybowska, Barbara"]
[Result "1-0"]
[WhiteTitle "k++"]
[BlackTitle "I"]
[WhiteElo "1957"]
[BlackElo "1517"]

1. e4 e5 2. Nf3 Nc6 3. d4 exd4 4. Nxd4 Bc5 5. Be3 Bb6 6. g3 Nf6 7. Bg2 O-O 8. O-O
Re8 9. Nc3 d6 10. h3 Bd7 11. a3 Qc8 12. Kh2 Ne5 13. b3 Ng6 14. Qd2 Re5 15. f4
Re8 16. Rae1 a5 17. Bg1 Bc5 18. Nb1 a4 19. b4 Bb6 20. c4 c5 21. Nc2 Bc6 22. Qd3
Qb8 23. Re2 Ba7 24. b5 Bd7 25. Nc3 Bb6 26. Rd1 Bc7 27. Nd5 Nxd5 28. Qxd5 Be6 29.
Qd3 Qd8 30. Ne3 Qf6 31. Qc2 Nf8 32. e5 dxe5 33. f5 Bd7 34. Bxb7 Rab8 35. Be4 Qd8
36. Nd5 Bb6 37. Nc3 Qc7 38. Nxa4 g6 39. g4 Bc8 40. Nc3 Bb7 41. Kh1 Nd7 42. Nd5
Bxd5 43. Bxd5 Kg7 44. g5 Nf8 45. Bh2 gxf5 46. Qxf5 Ng6 47. h4 Nf4 48. Bxf4 exf4
49. Be4 Rh8 50. Rd7 1-0

[Event "Mistrzostwa Polski Juniorow do lat 18 - Dziewczeta"]
[Site "Ustron – Jaszowiec"]
[Date "1899-12-30"]
[Round "8.7"]
[White "Wojcik, Jagoda"]
[Black "Pluta, Natalia"]
[Result "1/2-1/2"]
[WhiteTitle "I+"]
[BlackTitle "I++"]
[WhiteElo "1719"]
[BlackElo "1811"]

1. e4 c5 2. Nf3 d6 3. d4 cxd4 4. Nxd4 Nf6 5. Nc3 g6 6. Be3 Bg7 7. f3 O-O 8. Qd2
Nc6 9. O-O-O d5 10. Kb1 Rb8 11. h4 e5 12. Nxc6 bxc6 13. exd5 cxd5 14. Nxd5 Nxd5
15. Qxd5 Qxd5 16. Rxd5 e4 17. Rb5 Be6 18. b3 exf3 19. gxf3 Rxb5 20. Bxb5 Bd5 21.
Rf1 Ra8 22. c4 Bb7 23. c5 Rd8 24. c6 Bc8 25. Kc1 a6 26. Ba4 Rd3 27. Rd1 Rc3+ 28.
Kd2 Bf6 29. Ke2 Bxh4 30. Bf4 Rc2+ 31. Ke3 Bf5 32. Rd2 Rxd2 33. Kxd2 Be7 34. Kc3
g5 35. Bh2 Bc8 36. b4 f5 37. b5 axb5 38. Bxb5 g4 39. a4 Bc5 40. fxg4 fxg4 41.
Bg3 Kf7 42. Kc4 Bb6 43. Kd5 h5 44. c7 h4 1/2-1/2

[Event "Mistrzostwa Polski Juniorow do lat 18 - Dziewczeta"]
[Site "Ustron – Jaszowiec"]
[Date "1899-12-30"]
[Round "8.8"]
[White "Posuniak, Weronika"]
[Black "Stebel, Agata"]
[Result "1-0"]
[WhiteTitle "I++"]
[BlackTitle "k"]
[WhiteElo "1803"]
[BlackElo "1795"]

1. Nf3 d5 2. d4 e6 3. c4 c5 4. cxd5 exd5 5. Nc3 Nc6 6. g3 Nf6 7. Bg2 Be7 8. O-O
O-O 9. dxc5 Bxc5 10. Bg5 d4 11. Bxf6 Qxf6 12. Nd5 Qd8 13. Nd2 Be6 14. Nf4 Bf5
15. Rc1 Bb6 16. Nc4 Re8 17. Re1 Bc7 18. Nd5 Be4 19. Nxc7 Qxc7 20. Bxe4 Rxe4 21.
Qd3 Qe7 22. Nd2 Re6 23. Nb3 Rd8 24. a3 Rh6 25. Qb5 Qe6 26. Nd2 Qe7 27. Nf3 Re6
28. Rcd1 h6 29. Qc4 Ne5 30. Nxe5 Rxe5 31. Rd2 Qf6 32. Red1 Red5 33. Rd3 R8d6 34.
Qc8+ Kh7 35. Qxb7 Rf5 36. Rf1 Rb6 37. Qe4 Re6 38. Qxd4 Qxd4 39. Rxd4 Rxe2 40.
Ra4 Rxb2 41. Rxa7 Ra2 42. a4 f6 43. h4 Rd5 44. Rc1 Rdd2 45. Rcc7 Rxf2 46. Rxg7+
Kh8 47. Rge7 Rg2+ 48. Kf1 Rxg3 49. a5 f5 50. a6 f4 51. Ra8+ Rg8 52. Rxg8+ Kxg8
53. a7 Ra1+ 54. Kf2 Ra2+ 55. Kf3 1-0

[Event "Mistrzostwa Polski Juniorow do lat 18 - Dziewczeta"]
[Site "Ustron – Jaszowiec"]
[Date "1899-12-30"]
[Round "8.9"]
[White "Ciesinska, Weronika"]
[Black "Jurkiewicz, Zuzanna"]
[Result "0-1"]
[WhiteTitle "I"]
[BlackTitle "I+"]
[WhiteElo "1676"]
[BlackElo "1603"]

1. e4 d5 2. exd5 Qxd5 3. Nc3 Qa5 4. d4 c6 5. Nf3 Bg4 6. Bd2 Qc7 7. Bc4 e6 8. h3
Bh5 9. g4 Bg6 10. Ne5 Nd7 11. Bf4 Bd6 12. Qe2 O-O-O 13. O-O-O Ngf6 14. Kb1 Rhe8
15. h4 Nd5 16. Bg3 Nxc3+ 17. bxc3 Qb6+ 18. Bb3 Nxe5 19. Bxe5 f6 20. Bxd6 Rxd6
21. h5 Bf7 22. Ka1 Qa5 23. Qe3 b5 24. c4 e5 25. c5 Bxb3 26. cxb3 Rd5 27. f4 Red8
28. fxe5 fxe5 29. Rhf1 R8d7 30. Rd3 Rxd4 31. Rf8+ Rd8 32. Rxd8+ Qxd8 33. Rxd4
Qxd4+ 34. Qxd4 exd4 35. Kb2 Kd7 36. b4 Ke6 37. Kc2 Kd5 38. a3 Kc4 39. g5 a6 40.
Kd2 d3 41. g6 h6 42. Kd1 Kc3 43. Kc1 d2+ 44. Kd1 Kd3 0-1

[Event "Mistrzostwa Polski Juniorow do lat 18 - Dziewczeta"]
[Site "Ustron – Jaszowiec"]
[Date "1899-12-30"]
[Round "8.10"]
[White "Topolan, Agata"]
[Black "Winter, Anna"]
[Result "1-0"]
[WhiteTitle "k+"]
[BlackTitle "I+"]
[WhiteElo "1934"]
[BlackElo "1503"]

1. c4 e5 2. Nc3 Nc6 3. d3 d6 4. e3 g6 5. Nf3 Bg7 6. Be2 Nf6 7. O-O O-O 8. Rb1 a5
9. a3 Bf5 10. e4 Bg4 11. Bg5 Bxf3 12. Bxf3 Qc8 13. Bxf6 Bxf6 14. Bg4 Qd8 15. f4
exf4 16. Rxf4 Bd4+ 17. Kh1 Bg7 18. Nd5 Ne5 19. Bh3 c6 20. Nc3 Qg5 21. g3 Qe7 22.
Qe2 Nd7 23. Rbf1 Be5 24. R4f3 Bg7 25. Bxd7 Qxd7 26. Qf2 Qe6 27. Qb6 Qd7 28. Kg2
Ra6 29. Qe3 Qe6 30. Nd1 a4 31. Qd2 Bd4 32. Nc3 Bxc3 33. Qxc3 Rb6 34. R1f2 Qe5
35. Qc1 Rb3 36. g4 Qd4 37. Qd2 Qe5 38. h4 Qd4 39. h5 Qe5 40. hxg6 hxg6 41. Rh3
Qd4 42. Kh1 Qe5 43. Rfh2 Qg7 44. Qf4 d5 45. cxd5 cxd5 46. g5 Rc8 47. exd5 Re8
48. Qh4 Kf8 49. Qh8+ Qxh8 50. Rxh8+ Ke7 51. Re2+ 1-0

[Event "Mistrzostwa Polski Juniorow do lat 18 - Dziewczeta"]
[Site "Ustron – Jaszowiec"]
[Date "1899-12-30"]
[Round "8.11"]
[White "Knapik, Julia"]
[Black "Jakubowska, Urszula"]
[Result "1-0"]
[WhiteTitle "I+"]
[BlackTitle "I"]
[WhiteElo "1658"]
[BlackElo "1412"]

1. e4 c5 2. Nf3 e6 3. d4 cxd4 4. Nxd4 a6 5. c4 Bc5 6. Nb3 Ba7 7. Nc3 Nc6 8. Bf4
g5 9. Bg3 Qf6 10. h4 h6 11. Qd2 g4 12. O-O-O h5 13. Re1 Nge7 14. e5 Qg7 15. Ne4
Nf5 16. Nf6+ Kf8 17. Bf4 Qg6 18. Bd3 Bb6 19. Bxf5 exf5 20. Qd6+ Kg7 21. Bg5 Bxf2
22. Re2 Bb6 23. Rf1 Ba7 24. c5 Bb8 25. Qd5 Ne7 26. Qd2 Nc6 27. Nd4 Bxe5 28. Nxf5+
Kf8 29. Rxe5 Nxe5 30. Qd6# 1-0

[Event "Mistrzostwa Polski Juniorow do lat 18 - Dziewczeta"]
[Site "Ustron – Jaszowiec"]
[Date "1899-12-30"]
[Round "8.12"]
[White "Kalinowska, Karolina"]
[Black "Daliga, Anita"]
[Result "1-0"]
[WhiteTitle "I"]
[BlackTitle "I+"]
[WhiteElo "1525"]
[BlackElo "1543"]

1. e4 c6 2. d4 d5 3. Nc3 dxe4 4. Nxe4 Bf5 5. Ng3 Bg6 6. N1e2 Nf6 7. Nf4 Nbd7 8.
Bc4 Nb6 9. Bb3 e6 10. O-O Bd6 11. Re1 Bxf4 12. Bxf4 O-O 13. Bg5 h6 14. Bh4 Nbd7
15. c3 Bh7 16. Nh5 g5 17. Bg3 Ne4 18. Bc2 Nxg3 19. Bxh7+ Kxh7 20. fxg3 Re8 21.
Qf3 Qe7 22. Rf1 f5 23. g4 Rf8 24. Rae1 Qf7 25. Qd3 Kg8 26. Ng3 f4 27. Ne4 Nf6
28. Nd6 Qh7 29. Qxh7+ Kxh7 30. h3 Nd5 31. Rxe6 Rf6 32. Rxf6 Nxf6 33. Re1 Ng8 34.
b3 b6 35. Re6 Rd8 36. Nf5 c5 37. Rc6 cxd4 38. Rc7+ Kg6 39. cxd4 a5 40. Rc6+ Kh7
41. Rxb6 Rc8 42. Rb7+ Kg6 43. d5 h5 44. d6 hxg4 45. hxg4 Rd8 46. Ra7 Nh6 47. Nxh6
Kxh6 48. d7 Kg6 49. Kf2 Kf6 50. Kf3 Ke7 51. Rxa5 Rxd7 52. Rxg5 Rd3+ 53. Kxf4 Rd2
54. a4 Rxg2 55. Re5+ Kd6 56. Re3 Rf2+ 57. Rf3 Rc2 58. g5 Ke6 59. Kg4 Rg2+ 60.
Kh5 Rh2+ 61. Kg6 Rh4 62. Kg7 Ke7 63. g6 Rh5 64. Kg8 Ke8 65. g7 Ke7 66. Rf4 Ke8
67. Re4+ Kd7 68. Kf7 Rf5+ 69. Kg6 Rf2 70. Rg4 1-0

[Event "Mistrzostwa Polski Juniorow do lat 18 - Dziewczeta"]
[Site "Ustron – Jaszowiec"]
[Date "1899-12-30"]
[Round "8.13"]
[White "Ziziuk, Martyna"]
[Black "Przepiora, Anna"]
[Result "1/2-1/2"]
[WhiteTitle "I"]
[BlackTitle "II+"]
[WhiteElo "1529"]
[BlackElo "1354"]

1. c4 e6 2. d4 d5 3. Nf3 Nf6 4. e3 Be7 5. Bd3 a6 6. c5 c6 7. O-O O-O 8. Nc3 Nbd7
9. b4 b6 10. Bd2 a5 11. a3 Ba6 12. Qc2 Bxd3 13. Qxd3 bxc5 14. bxc5 Rb8 15. Rfb1
Qc7 16. h3 e5 17. Ne1 e4 18. Qc2 Nh5 19. Rxb8 Rxb8 20. Rb1 Rxb1 21. Qxb1 f5 22.
Qb3 Nhf6 23. Ne2 Qa7 24. Ng3 g6 25. Qa4 Qa6 26. Qxa5 Qxa5 27. Bxa5 Kf8 28. Nc2
Ke8 29. Nb4 Nb8 30. Bc7 Nfd7 31. Ne2 Bd8 32. Bxd8 Kxd8 33. Kf1 Kc7 34. Ke1 Kb7
35. Kd2 Na6 36. Kc3 Nc7 37. a4 g5 38. g3 h5 39. Nc2 Nf8 40. Ne1 Ng6 41. Ng2 1/2-1/2

[Event "Mistrzostwa Polski Juniorow do lat 18 - Dziewczeta"]
[Site "Ustron – Jaszowiec"]
[Date "1899-12-30"]
[Round "8.14"]
[White "Wierzbowska, Aleksandra"]
[Black "Pedrak, Paulina"]
[Result "1/2-1/2"]
[WhiteTitle "I"]
[BlackTitle "I"]
[WhiteElo "1573"]
[BlackElo "1466"]

1. c4 e5 2. Nc3 f5 3. d3 Nf6 4. g3 Be7 5. Bg2 Nc6 6. a3 a5 7. Qa4 Ra6 8. e3 d6
9. Nge2 Qd7 10. Nd5 Nxd5 11. Bxd5 Nd8 12. Qc2 c6 13. Bg2 O-O 14. Nc3 Ne6 15. O-O
Qe8 16. Ne2 Qh5 17. f4 a4 18. d4 e4 19. Nc3 Rf6 20. Rf2 Qe8 21. Bf1 Ra8 22. Nxa4
c5 23. Nb6 Rb8 24. dxc5 dxc5 25. Nd5 Rg6 26. Bh3 Nf8 27. b4 h5 28. b5 Nh7 29.
Bb2 Bf6 30. Bxf6 Nxf6 31. Nxf6+ Rxf6 32. Re1 Be6 33. Rc1 h4 34. Rd2 hxg3 35. hxg3
Rh6 36. Bf1 Rg6 37. Kf2 Kf7 38. Be2 Rh6 39. Rh1 Qh8 40. Kg2 Qh7 41. Rf1 Rh8 42.
Kf2 Rh2+ 1/2-1/2

[Event "Mistrzostwa Polski Juniorow do lat 18 - Dziewczeta"]
[Site "Ustron – Jaszowiec"]
[Date "1899-12-30"]
[Round "8.15"]
[White "Stochnialek, Dominika"]
[Black "Borkowska, Zuzanna"]
[Result "0-1"]
[WhiteTitle "I"]
[BlackTitle "I"]
[WhiteElo "1499"]
[BlackElo "1547"]

1. e4 c5 2. Nf3 Nc6 3. d4 cxd4 4. Nxd4 g6 5. c4 Bg7 6. Be3 Nf6 7. Nc3 d6 8. Be2
O-O 9. O-O Nd7 10. Qd2 Nde5 11. h3 Nxd4 12. Bxd4 Be6 13. Nd5 b6 14. f4 Bh6 15.
g4 Nc6 16. Bc3 f6 17. Qe1 Bf7 18. h4 Bg7 19. f5 Ne5 20. Qg3 Rc8 21. b3 Kh8 22.
g5 Bxd5 23. exd5 Qe8 24. Bxe5 fxe5 25. fxg6 Qxg6 26. h5 Qe4 27. Qg4 Qe3+ 28. Kg2
Rg8 29. Rf7 Qd4 30. Qxd4 exd4 31. Raf1 Bf6 32. Rf5 Rxg5+ 33. Rxg5 Bxg5 34. Bd3
h6 35. Kf3 Kg8 36. Bg6 d3 37. Kf2 d2 38. Ke2 b5 39. Rf3 bxc4 40. Rc3 Rf8 41. Rxc4
Rf1 42. Bc2 Re1+ 43. Kf3 d1=Q+ 44. Bxd1 Rxd1 45. Ke4 Rh1 46. Kf5 Rf1+ 47. Kg4
Kf7 48. Ra4 Be3 49. Re4 Bc5 50. Re6 Rf6 51. Re2 e6 52. dxe6+ Rxe6 53. Rc2 Kf6
54. Rc4 Re5 55. b4 Rg5+ 56. Kf3 Bb6 57. Rh4 d5 58. a4 Ke5 59. a5 Bc7 60. Ke3 Rg3+
61. Kf2 Rb3 62. Kg2 Bd6 63. Rg4 Bxb4 0-1

[Event "Mistrzostwa Polski Juniorow do lat 18 - Dziewczeta"]
[Site "Ustron – Jaszowiec"]
[Date "1899-12-30"]
[Round "8.16"]
[White "Godek, Martyna"]
[Black "Tkaczyk, Weronika"]
[Result "1-0"]
[WhiteTitle "I"]
[BlackTitle "I"]
[WhiteElo "1654"]
[BlackElo "1565"]

1. e4 e5 2. Nf3 Nc6 3. Nc3 Nf6 4. Bc4 Nxe4 5. Nxe4 d5 6. Bd3 dxe4 7. Bxe4 Bd6 8.
O-O O-O 9. Re1 Nb4 10. a3 f5 11. axb4 fxe4 12. Rxe4 Bf5 13. Re3 e4 14. Nd4 Bxh2+
15. Kxh2 Qxd4 16. c3 Qd6+ 17. Rg3 Rf6 18. Kg1 Bg6 19. d4 Rxf2 20. Rxg6 Qxg6 21.
Kxf2 Rf8+ 22. Kg1 a6 23. Ra5 b5 24. Qe2 Qe6 25. Be3 h6 26. Ra1 Rf6 27. Rf1 Rxf1+
28. Kxf1 Kh7 29. Bf4 Kg8 30. Be5 Qg6 31. Qf2 Qe6 32. Qg3 Qf7+ 33. Kg1 c6 34. Qf4
Qg6 35. Kf2 h5 36. g3 e3+ 37. Qxe3 Qc2+ 38. Qe2 Qf5+ 39. Kg2 Qf7 40. Qf3 Qg6 41.
Kh2 Qc2+ 42. Kh3 Qxb2 43. Qxh5 Qb1 44. Qe8+ Kh7 45. Qxc6 Qf5+ 46. Kg2 Qc2+ 47.
Kf3 Qd1+ 48. Kf4 Qd2+ 49. Kf5 Qd3+ 50. Ke6 Qg6+ 51. Kd5 Qd3 1-0

[Event "Mistrzostwa Polski Juniorow do lat 18 - Dziewczeta"]
[Site "Ustron – Jaszowiec"]
[Date "1899-12-30"]
[Round "8.17"]
[White "Hampel, Anna"]
[Black "Walkowiak, Bogumila"]
[Result "0-1"]
[WhiteTitle "I+"]
[BlackTitle "II+"]
[WhiteElo "1630"]
[BlackElo "1345"]

1. e4 e5 2. Nf3 Nc6 3. Bc4 Bc5 4. c3 Nf6 5. d4 exd4 6. O-O d6 7. cxd4 Bb6 8. Nc3
Bg4 9. Be3 O-O 10. Qd3 Na5 11. b3 Nxc4 12. bxc4 c6 13. Bg5 Bxf3 14. gxf3 Qd7 15.
Kh1 Nh5 16. Rg1 Kh8 17. Rg4 f5 18. Rh4 g6 19. Rg1 Bd8 20. Qd2 Bxg5 21. Qxg5 Rf7
22. Qh6 Rg8 23. f4 Qe7 24. Rh3 Qf8 25. Qg5 Qd8 26. e5 Qxg5 27. fxg5 dxe5 28. dxe5
Re7 29. Re3 Rge8 30. Rge1 Rd8 31. Rd1 Rxd1+ 32. Nxd1 Kg8 33. Nc3 Kf7 34. Kg1 Ke6
35. Kf1 Rd7 36. Na4 b6 37. Ke2 Nf4+ 38. Kf3 Nh3 39. Kg3 Nxg5 40. f4 Ne4+ 41. Kf3
Rd2 42. Re2 Rxe2 43. Kxe2 b5 44. cxb5 cxb5 45. Nb2 Nc3+ 46. Kd2 Nxa2 47. Nd3 a5
48. Nc5+ Kd5 49. Nd3 Nb4 50. h4 a4 0-1

[Event "Mistrzostwa Polski Juniorow do lat 18 - Dziewczeta"]
[Site "Ustron – Jaszowiec"]
[Date "1899-12-30"]
[Round "9.1"]
[White "Parol, Pola"]
[Black "Kiolbasa, Oliwia"]
[Result "0-1"]
[WhiteTitle "k+"]
[BlackTitle "WIM"]
[WhiteElo "1960"]
[BlackElo "2204"]

1. e4 e5 2. Nf3 Nc6 3. Bc4 Nf6 4. Ng5 d5 5. exd5 Na5 6. Bb5+ c6 7. dxc6 bxc6 8.
Bd3 Nd5 9. Nf3 Bd6 10. O-O O-O 11. Re1 Re8 12. Bf1 e4 13. Nd4 Qf6 14. c3 Bd7 15.
d3 exd3 16. Rxe8+ Rxe8 17. Qxd3 Nb7 18. Nd2 Nf4 19. Qf3 Qh6 20. h3 Qg6 21. Kh1
Nc5 22. N2b3 Nfd3 23. Be3 Ne5 24. Qd1 Ne4 25. Nf3 Nxf3 26. Qxf3 h5 27. Bc4 Re7
28. Bd4 Bg4 29. Qd3 Bf5 30. Qd1 Ng5 31. Bf1 Nxh3 32. Qf3 Nf4 33. Qxc6 Be4 34.
Qc8+ Kh7 35. f3 Bb7 36. Qc4 Qg3 37. Bg1 Ng6 38. Bd3 Re4 0-1

[Event "Mistrzostwa Polski Juniorow do lat 18 - Dziewczeta"]
[Site "Ustron – Jaszowiec"]
[Date "1899-12-30"]
[Round "9.2"]
[White "Cieslak, Wiktoria"]
[Black "Antolak, Julia"]
[Result "1/2-1/2"]
[WhiteTitle "k++"]
[BlackTitle "WFM"]
[WhiteElo "1957"]
[BlackElo "2102"]

1. e4 c5 2. Nf3 Nc6 3. d4 cxd4 4. Nxd4 g6 5. c4 Bg7 6. Be3 Nf6 7. Nc3 O-O 8. Be2
d6 9. f3 Bd7 10. Qd2 a5 11. b3 Nxd4 12. Bxd4 Bc6 13. O-O Nd7 14. Be3 Nc5 15. Rab1
e6 16. a3 Be5 17. b4 axb4 18. axb4 Qh4 19. g3 Bxg3 20. hxg3 Qxg3+ 21. Kh1 Qh3+
22. Kg1 Qg3+ 23. Kh1 Qh3+ 24. Kg1 Qg3+ 25. Kh1 Qh3+ 26. Kg1 Qg3+ 1/2-1/2

[Event "Mistrzostwa Polski Juniorow do lat 18 - Dziewczeta"]
[Site "Ustron – Jaszowiec"]
[Date "1899-12-30"]
[Round "9.3"]
[White "Dwilewicz, Katarzyna"]
[Black "Kubicka, Anna"]
[Result "0-1"]
[WhiteTitle "k"]
[BlackTitle "m"]
[WhiteElo "1933"]
[BlackElo "2211"]

1. e4 c5 2. Nf3 Nc6 3. d4 cxd4 4. Nxd4 Nf6 5. Nc3 g6 6. Nxc6 bxc6 7. e5 Nh5 8.
Be2 Ng7 9. O-O Ne6 10. Be3 Bg7 11. f4 O-O 12. Ne4 Qa5 13. c3 Rb8 14. b4 Qc7 15.
Qd3 Nd8 16. Rad1 a5 17. Bc5 Re8 18. Bg4 Ne6 19. Bxe6 dxe6 20. Rf2 Ra8 21. Rfd2
axb4 22. cxb4 Bf8 23. Qh3 Bg7 24. a3 f6 25. exf6 Bxf6 26. Nxf6+ exf6 27. Rd6 e5
28. Qh4 exf4 29. Qxf6 Qf7 30. Rxc6 Rxa3 31. Qxf7+ Kxf7 32. Rc7+ Kf6 33. Bd4+ Kg5
34. Rc5+ Bf5 35. Be5 Re3 36. Bd6 Kg4 37. Rf1 R8e4 38. Rc7 Rd3 39. Bc5 h6 40. b5
Re2 41. b6 Be4 42. Bf2 Rb3 43. Re7 Kf5 44. Rd1 Rbb2 45. Rf1 g5 46. Re8 h5 47.
h3 Kg6 48. Re1 Rxe1+ 49. Bxe1 Bxg2 50. Bc3 Rc2 51. Re6+ Kf7 52. Rh6 Be4 53. Bd4
Rd2 54. Bc5 g4 55. hxg4 hxg4 56. Rd6 Rg2+ 57. Kf1 Rb2 58. Rd4 Rb1+ 59. Ke2 f3+
60. Kf2 Rb2+ 61. Kf1 Bf5 62. Rd5 Kg6 63. Be3 g3 64. Rd6+ Kh5 65. Bc1 Bh3+ 66.
Ke1 f2+ 0-1

[Event "Mistrzostwa Polski Juniorow do lat 18 - Dziewczeta"]
[Site "Ustron – Jaszowiec"]
[Date "1899-12-30"]
[Round "9.4"]
[White "Dmochowska, Agnieszka"]
[Black "Marczuk, Anna"]
[Result "1-0"]
[WhiteTitle "WCM"]
[BlackTitle "k"]
[WhiteElo "2133"]
[BlackElo "2001"]

1. e4 c5 2. Nf3 Nc6 3. d4 cxd4 4. Nxd4 e5 5. Nb5 d6 6. N1c3 a6 7. Na3 b5 8. Nd5
Nge7 9. c4 Nd4 10. cxb5 Nxd5 11. exd5 Be7 12. Bd3 axb5 13. O-O b4 14. Nc2 O-O
15. Nxb4 Qb6 16. Nc2 Bb7 17. Be3 Bf6 18. b4 g6 19. Bxd4 exd4 20. Qf3 Be5 21. a4
Qc7 22. Rfb1 Rfb8 23. b5 Qc3 24. Nb4 Kg7 25. a5 Bc8 26. Nc6 Rb7 27. Rc1 Bg4 28.
Qxg4 Qxd3 29. b6 Qb5 30. Nxe5 dxe5 31. Qe4 Re7 32. d6 Ree8 33. b7 Ra7 34. Rab1
Qd7 35. b8=Q Rxb8 36. Rxb8 Qxd6 37. Rb5 1-0

[Event "Mistrzostwa Polski Juniorow do lat 18 - Dziewczeta"]
[Site "Ustron – Jaszowiec"]
[Date "1899-12-30"]
[Round "9.5"]
[White "Murawko, Julia"]
[Black "Posuniak, Weronika"]
[Result "0-1"]
[WhiteTitle "I++"]
[BlackTitle "I++"]
[WhiteElo "1733"]
[BlackElo "1803"]

1. e4 c6 2. d4 d5 3. Nc3 dxe4 4. Nxe4 Bf5 5. Ng3 Bg6 6. Bc4 e6 7. N1e2 Bd6 8. Nf4
Qc7 9. Nfh5 Bxh5 10. Nxh5 g6 11. Ng3 Nf6 12. Qf3 Nbd7 13. c3 O-O 14. Bh6 Rfe8
15. O-O Bf8 16. Bxf8 Kxf8 17. Rfe1 b5 18. Bb3 Kg7 19. a4 a6 20. h3 Ra7 21. axb5
cxb5 22. Ne4 a5 23. Qd3 Qc6 24. Nxf6 Nxf6 25. Re5 Rb8 26. Qe3 Rbb7 27. Rc5 Qe4
28. Re5 Qxe3 29. fxe3 a4 30. Bd1 Nd5 31. Bf3 Rd7 32. Bxd5 Rxd5 33. Rxd5 exd5 34.
Kf2 f5 35. Ke2 Kf6 36. Kf3 g5 37. Ra3 Rc7 38. Ra1 h5 39. Ke2 Re7 40. Kf2 f4 41.
exf4 gxf4 42. Rd1 Re3 43. Rd2 Kf5 44. Rd1 Ke4 45. Rd2 a3 46. bxa3 Rxc3 47. Rb2
Rxa3 48. Rxb5 Ra2+ 49. Kf1 Kxd4 50. Rb4+ Ke3 51. Rb3+ Ke4 52. Rb8 d4 53. Re8+
Kd3 54. Rf8 Ra5 55. Rxf4 Kc3 56. Rf8 d3 57. Rc8+ Kd2 58. Rd8 Rf5+ 59. Kg1 Ke2
60. Re8+ Kd1 61. Rd8 d2 62. g4 hxg4 63. hxg4 Rf4 64. g5 Ke2 65. Re8+ Kd3 0-1

[Event "Mistrzostwa Polski Juniorow do lat 18 - Dziewczeta"]
[Site "Ustron – Jaszowiec"]
[Date "1899-12-30"]
[Round "9.6"]
[White "Karykowska, Anna"]
[Black "Wojcik, Jagoda"]
[Result "1-0"]
[WhiteTitle "I++"]
[BlackTitle "I+"]
[WhiteElo "1830"]
[BlackElo "1719"]

1. e4 e5 2. Nf3 Nf6 3. Nc3 Bb4 4. Nxe5 O-O 5. Be2 Re8 6. Nf3 Nxe4 7. Nxe4 Rxe4
8. O-O Qe8 9. Re1 d5 10. c3 Ba5 11. d4 Bg4 12. Be3 Nd7 13. h3 Bh5 14. Qa4 Bb6
15. Ng5 Nf6 16. Bb5 c6 17. Nxe4 cxb5 18. Nxf6+ gxf6 19. Qb4 Qd7 20. Bh6 Re8 21.
Qd6 1-0

[Event "Mistrzostwa Polski Juniorow do lat 18 - Dziewczeta"]
[Site "Ustron – Jaszowiec"]
[Date "1899-12-30"]
[Round "9.7"]
[White "Jurkiewicz, Zuzanna"]
[Black "Knapik, Julia"]
[Result "1-0"]
[WhiteTitle "I+"]
[BlackTitle "I+"]
[WhiteElo "1603"]
[BlackElo "1658"]

1. e4 c5 2. Ne2 Nf6 3. d3 d6 4. g3 g6 5. Bg2 Bg7 6. O-O O-O 7. h3 Nc6 8. f4 Bd7
9. c3 Rb8 10. Be3 b5 11. Kh2 a5 12. Bf3 h5 13. Ng1 Qc8 14. Rf2 Kh7 15. Bg2 Rh8
16. Nf3 Kg8 17. Nh4 Kh7 18. Nd2 Bh6 19. Ndf3 Kg7 20. Nd2 a4 21. d4 cxd4 22. cxd4
d5 23. e5 Ne4 24. Nxe4 dxe4 25. Rc1 Qa6 26. Bxe4 Rhd8 27. Qd2 e6 28. g4 hxg4 29.
hxg4 Rh8 30. Kg3 Kg8 31. f5 Bxe3 32. Qxe3 gxf5 33. gxf5 Qb6 34. fxe6 Nxd4 35.
Qg5+ 1-0

[Event "Mistrzostwa Polski Juniorow do lat 18 - Dziewczeta"]
[Site "Ustron – Jaszowiec"]
[Date "1899-12-30"]
[Round "9.8"]
[White "Kozubal, Aleksandra"]
[Black "Topolan, Agata"]
[Result "1-0"]
[WhiteTitle "I++"]
[BlackTitle "k+"]
[WhiteElo "1747"]
[BlackElo "1934"]

1. d4 Nf6 2. c4 g6 3. Nc3 d5 4. Nf3 Bg7 5. e3 O-O 6. Bd3 c5 7. b3 Nc6 8. Bb2 b6
9. dxc5 bxc5 10. O-O e5 11. cxd5 Nxd5 12. Be4 Ndb4 13. Na4 Ba6 14. Re1 Qe7 15.
a3 Rad8 16. Qc1 Bd3 17. Bxc6 Nc2 18. Rd1 Nxa1 19. Bxa1 Qe6 20. Bb7 Qxb3 21. Nxc5
Qc4 22. Nxe5 Qxc1 23. Rxc1 Bb5 24. a4 Bxe5 25. Bxe5 Bc4 26. h3 Bd5 27. Bc7 1-0

[Event "Mistrzostwa Polski Juniorow do lat 18 - Dziewczeta"]
[Site "Ustron – Jaszowiec"]
[Date "1899-12-30"]
[Round "9.9"]
[White "Pluta, Natalia"]
[Black "Kalinowska, Karolina"]
[Result "1-0"]
[WhiteTitle "I++"]
[BlackTitle "I"]
[WhiteElo "1811"]
[BlackElo "1525"]

1. d4 e6 2. c4 f5 3. Nc3 Nf6 4. g3 Be7 5. Bg2 O-O 6. Nh3 d6 7. O-O Nc6 8. d5 Na5
9. Qd3 exd5 10. cxd5 b6 11. b4 Nb7 12. Bb2 Qe8 13. Nf4 Nd8 14. Nb5 Ba6 15. Nxc7
Bxd3 16. Nxe8 Nxe8 17. Nxd3 Bf6 18. Rac1 Bxb2 19. Nxb2 Nf6 20. Rc7 Re8 21. e3
a5 22. b5 Nf7 23. Nc4 Rab8 24. Rxf7 Kxf7 25. Nxd6+ Ke7 26. Nxe8 Rxe8 27. Rd1 Rd8
28. Kf1 Ne4 29. Bxe4 fxe4 30. Rd4 Kf6 31. f3 exf3 32. Kf2 Ke5 33. Kxf3 Rc8 34.
d6 Rd8 35. d7 Ke6 36. Ke4 a4 37. Rd5 a3 38. Kd4 1-0